| 000 | 00523nam a2200193 a 4500 | ||
|---|---|---|---|
| 001 | 1768017001334 | ||
| 003 | YourLibrary | ||
| 005 | 20260110115845.0 | ||
| 008 | 260110s2005##################000#0#eng## | ||
| 020 | _a3631539177 | ||
| 082 | 0 | 4 |
_a302 _bHEL.4 |
| 100 | 1 |
_aHelle, Horst Jürgen, _eauthor. |
|
| 245 | 1 | 0 | _aSymbolic Interaction and Verstehen : |
| 260 |
_bPeter Lang Pub Incorporated, _c2005. |
||
| 300 | _a141 pages | ||
| 650 | 0 | _aSocial Science. | |
| 942 | _cENGLISH | ||
| 040 |
_aYourLibrary _beng _cYourLibrary |
||
| 999 |
_c608092 _d608092 |
||